000 00426nam a2200181Ia 4500
003 OSt
005 20240212120230.0
008 210210b1903 xxu||||| |||| 00| 0 eng d
040 _cAL
041 _aeng
082 _a829/358
100 _aELIOT (George)
_9150560
245 _aRomola
260 _aEdinburgh
_bWilliam Blackwood and Sons
_c1903
690 _aEnglish Fiction
_9150562
906 _a016962
942 _2ddc
_cBK
999 _c136875
_d136875